John D Wood and Co (Residential and Agricultural) Ltd v Knatchbull (Record no. 72164)
[ view plain ]
| 000 -LEADER | |
|---|---|
| fixed length control field | 01531cam a2200241 4500 |
| 001 - CONTROL NUMBER | |
| control field | ABS66468 |
| 008 - FIXED-LENGTH DATA ELEMENTS--GENERAL INFORMATION | |
| fixed length control field | 030110n2002 000 0 eng u |
| 035 ## - SYSTEM CONTROL NUMBER | |
| System control number | (Sirsi) u121441 |
| 245 ## - TITLE STATEMENT | |
| Title | John D Wood and Co (Residential and Agricultural) Ltd v Knatchbull |
| 260 ## - PUBLICATION, DISTRIBUTION, ETC. | |
| Date of publication, distribution, etc. | 2002 |
| 490 ## - SERIES STATEMENT | |
| Series statement | Estates Gazette |
| Volume/sequential designation | [2002] 08 EG 131(8) |
| 520 ## - SUMMARY, ETC. | |
| Summary, etc. | [2002] EWHC 2822 (QB), 16 December 2002. Defendant (K) instructed claimant estate agent (J) to find a buyer for his property. The property was put on the market for £1.5m. The owner of a neighbouring property had used a different estate agent to market his property at an asking price of £1.95m. J became aware of this but did not inform K. J issued proceedings claiming commission. K counterclaimed alleging that J was in breach of contract and was negligent for failing to pass on information and that he had been denied the opportunity to obtain a higher price. Held that J was entitled to his commission. On the counterclaim, K was awarded damages for loss of an opportunity to obtain a higher price. J was not negligent in setting the asking price but had failed in its duty of care to its client in marketing the property (see also Abs66469). |
| 590 ## - LOCAL NOTE (RLIN) | |
| Local note | ABS |
| 650 ## - SUBJECT ADDED ENTRY--TOPICAL TERM | |
| Topical term or geographic name entry element | JOHN D WOOD AND CO (RESIDENTIAL AND AGRICULTURAL) LTD V KNATCHBULL |
| 650 ## - SUBJECT ADDED ENTRY--TOPICAL TERM | |
| Topical term or geographic name entry element | NEGLIGENCE |
| 650 ## - SUBJECT ADDED ENTRY--TOPICAL TERM | |
| Topical term or geographic name entry element | DUTY OF CARE |
| 650 ## - SUBJECT ADDED ENTRY--TOPICAL TERM | |
| Topical term or geographic name entry element | DAMAGES |
| 650 ## - SUBJECT ADDED ENTRY--TOPICAL TERM | |
| Topical term or geographic name entry element | ESTATE AGENTS |
| 650 ## - SUBJECT ADDED ENTRY--TOPICAL TERM | |
| Topical term or geographic name entry element | DUTY TO INFORM |
| 650 ## - SUBJECT ADDED ENTRY--TOPICAL TERM | |
| Topical term or geographic name entry element | LIABILITY |
| 690 ## - LOCAL SUBJECT ADDED ENTRY--TOPICAL TERM (OCLC, RLIN) | |
| Topical term or geographic name as entry element | PROFESSIONAL PRACTICE-NEGLIGENCE-CASE LAW |
| 942 ## - ADDED ENTRY ELEMENTS (KOHA) | |
| Suppress in OPAC | 0 |
| Withdrawn status | Lost status | Source of classification or shelving scheme | Damaged status | Not for loan | Home library | Current library | Shelving location | Date acquired | Total Checkouts | Full call number | Barcode | Date last seen | Copy number | Price effective from | Koha item type |
|---|---|---|---|---|---|---|---|---|---|---|---|---|---|---|---|
| Dewey Decimal Classification | London | London | Journal article | 26/02/2003 | ABS66468 | 121441-1001 | 06/08/2019 | 1 | 06/08/2019 | Law report |